Nové trendy v konštruovaní a tvorbe technickej dokumentácie zborník z medzinárodnej vedeckej konferencie, Nitra; 26. máj 2005

Bibliographic Details
Corporate Author: Nové trendy v konštruovaní a v tvorbe technickej dokumentácie Nitra, Slovensko
Other Authors: Bajla, Jozef, 1946- (Editor), Gaduš, Ján, 1953- (Editor)
Format: Conference Proceeding Software eBook
Language:Slovak
PhysicalDescription:1 elektronický optický disk (CR-ROM) 12 cm
Published: Nitra Slovenská poľnohospodárska univerzita 2005
ISBN:8080695172 (CDROM)
Edition:1. vyd.
Subjects:

MARC

LEADER 00000nam a2200000 a 4500
001 vtls008187072
003 SK-MaSNL
005 20260302074053.0
007 co cgu
008 050729s2005 xo fsa 100 0 slo
015 |a SNBS2005 
020 |a 8080695172 (CDROM) 
040 |a SNK  |b slo  |c SNK  |e AACR2 
041 0 |a slo 
044 |a xo  |c SK 
072 7 |a 621  |x Strojárstvo  |2 konspekt 
080 |a 62:005.8  |2 MDT-MRF 
080 |a 658.512.2  |2 MDT-MRF 
080 |a 005.933.1  |2 MDT-MRF 
080 |a 621.8  |2 MDT-MRF 
080 |a (048.3)  |2 MDT-MRF 
080 |a (063)  |2 MDT-MRF 
080 |a (0.034.44)  |2 MDT-MRF 
111 2 |a Nové trendy v konštruovaní a v tvorbe technickej dokumentácie  |d (2005 :  |c Nitra, Slovensko)  |9 154272 
245 1 0 |a Nové trendy v konštruovaní a tvorbe technickej dokumentácie  |h elektronický zdroj  |b zborník z medzinárodnej vedeckej konferencie, Nitra; 26. máj 2005  |c editori: Jozef Bajla, Ján Gaduš 
250 |a 1. vyd. 
256 |a Elektronické textové údaje 
260 |a Nitra  |b Slovenská poľnohospodárska univerzita  |c 2005 
300 |a 1 elektronický optický disk (CR-ROM)  |c 12 cm 
650 0 7 |a technická dokumentácia  |2 SNKPH  |9 1573 
650 0 7 |a konštruovanie  |2 SNKPH  |9 4996 
650 0 7 |a časti strojov  |2 SNKPH  |9 3575 
655 7 |a abstrakty  |2 SNKPH  |9 22516 
655 7 |a zborníky konferencií  |2 SNKPH  |9 70153 
655 7 |a CD-ROM  |2 SNKPH  |9 70236 
700 1 |a Bajla, Jozef,  |d 1946-  |4 edt  |9 93077 
700 1 |a Gaduš, Ján,  |d 1953-  |4 edt  |9 90721 
919 |a 80-8068-517-2 
999 |c 1163563  |d 1165493 
952 |a SNK  |b SNK  |y PREZ  |7 0  |p 17A0479797  |o snkSCDM 686  |i snk2005/13379  |8 0  |0 0  |1 0  |4 0  |d 2005-09-06  |l 0  |r 2026-02-24 20:40:42  |w 2026-02-24